000
00264nam a22001097a 4500
008
170123b xxu||||| |||| 00| 0 eng d
020
_a
9780721698434
041
_a
eng
080
_2
5TH
_a
618.2
245
_a
PHARMACOLOGY FOR NURSINGCARE
_c
LEHNE, R.A
942
_2
udc
_c
BK
999
_c
3388
_d
3388